Desarrollo de un modelo de calidad de servicio en la microempresa turistica costarricense
Guardat en:
| Autor principal: | |
|---|---|
| Altres autors: | , |
| Format: | Llibre |
| Idioma: | Undetermined |
| Publicat: |
San José, Costa Rica
1996
|
| Matèries: | |
| Etiquetes: |
Afegir etiqueta
Sense etiquetes, Sigues el primer a etiquetar aquest registre!
|
MARC
| LEADER | 00000nam a2200000Ia 4500 | ||
|---|---|---|---|
| 003 | 007949 | ||
| 005 | 20240104154409.0 | ||
| 008 | 140114s9999 xx 000 0 und d | ||
| 040 | |c cru CEDI | ||
| 090 | |a TFG 3491 | ||
| 100 | |a Gago Corrales, Beatriz, 1973- |9 2085 | ||
| 245 | |a Desarrollo de un modelo de calidad de servicio en la microempresa turistica costarricense | ||
| 260 | |a San José, Costa Rica |c 1996 | ||
| 500 | |a Proyecto de graduación (licenciatura en ingeniería industrial)--Universidad de Costa Rica. Facultad de Ingeniería. Escuela de Ingeniería Industrial | ||
| 501 | |a Directora de Proyecto de Graduación: Inga. Ileana Aguilar Mata | ||
| 650 | |9 10291 |x CALIDAD DEL SERVICIO |x TURISMO - COSTA RICA | ||
| 700 | |a Quirós García, Randall, 1972- |9 2086 | ||
| 700 | |a Aguilar Mata, Ileana, 1961- |d Directora del TFG |9 35 | ||
| 942 | |c TFG |h TFG 3491 |i 007949 |6 TFG_3491_007949000000000 | ||
| 999 | |c 19192 |d 19192 | ||
